Biological abstracts : Cumulative index

Gespeichert in:
Bibliographische Detailangaben
Format: Buch
Sprache:Undetermined
Veröffentlicht: Philadelphia ( USA) BIOSIS 1997
Schlagworte:
Tags: Tag hinzufügen
Keine Tags, Fügen Sie den ersten Tag hinzu!
Thư viện lưu trữ: Trung tâm Học liệu Trường Đại học Cần Thơ
LEADER 00486nam a2200193Ia 4500
001 CTU_122507
008 210402s9999 xx 000 0 und d
082 |a 570 
082 |b B615/Vol.104 
245 0 |a Biological abstracts : 
245 0 |b Cumulative index 
260 |a Philadelphia ( USA) 
260 |b BIOSIS 
260 |c 1997 
650 |a Biology 
650 |x Abstracts 
650 |y Periodicals 
904 |i Giang 
980 |a Trung tâm Học liệu Trường Đại học Cần Thơ